[Event "EU-ch (Women) 24th"]
[Site "Rhodes"]
[Date "2024.04.25"]
[Round "6"]
[White "Socko, Monika"]
[Black "Allahverdiyeva, Ayan"]
[Result "1-0"]
[WhiteElo "2428"]
[BlackElo "2152"]
[PlyCount "74"]
[EventDate "2024.04.19"]
[EventType "swiss"]
[EventRounds "10"]
[EventCountry "GRE"]
[SourceTitle "CB18_2024"]
[SourceDate "2024.05.01"]
[SourceVersion "1"]
[SourceVersionDate "2024.05.01"]
[SourceQuality "2"]

1. e4 c5 2. Nf3 d6 3. d4 cxd4 4. Qxd4 Nc6 5. Bb5 Bd7 6. Qd3 Nf6 7. Bg5 e6 8. Nc3 Rc8 9. 0-0-0 Nb4 10. Bxd7+ Nxd7 11. Qb5 Qb6 12. Qa4 Rc4 13. Be3 Qa6 14. Qxa6 Nxa6 15. Rhe1 Be7 16. Nd2 Rc8 17. Nb3 Nac5 18. Bxc5 Nxc5 19. Nb5 Nxb3+ 20. axb3 Kd7 21. Nxa7 Rc5 22. c4 h5 23. Nb5 Kc6 24. Rd3 Rd8 25. Red1 g5 26. Rf3 Rf8 27. Kc2 g4 28. Rfd3 Rd8 29. Rd4 Rg5 30. b4 Rgg8 31. R4d3 Rh8 32. Kb3 Rhg8 33. Ra1 Rg5 34. Ra5 Kb6 35. Nxd6 Rxa5 36. bxa5+ Kc6 37. c5 Bxd6 1-0

[Event "EU-ch (Women) 24th"]
[Site "Rhodes"]
[Date "2024.04.22"]
[Round "4"]
[White "Socko, Monika"]
[Black "Hryzlova, Sofiia"]
[Result "0-1"]
[WhiteElo "2428"]
[BlackElo "2251"]
[PlyCount "60"]
[EventDate "2024.04.19"]
[EventType "swiss"]
[EventRounds "10"]
[EventCountry "GRE"]
[SourceTitle "CB18_2024"]
[SourceDate "2024.05.01"]
[SourceVersion "1"]
[SourceVersionDate "2024.05.01"]
[SourceQuality "2"]

1. c4 e5 2. Nc3 Bb4 3. Qc2 Nf6 4. e3 0-0 5. Nge2 Re8 6. a3 Bf8 7. d4 d5 8. dxe5 Rxe5 9. cxd5 Bf5 10. Qd1 Na6 11. f4 Re8 12. Ng3 Bg4 13. Be2 Bxe2 14. Kxe2 c6 15. dxc6 Qc7 16. Kf2 Nc5 17. Qf3 Nd3+ 18. Kf1 Bc5 19. b4 Bb6 20. Bd2 Rad8 21. Ra2 bxc6 22. Nf5 g6 23. Ng3 Qe7 24. Ke2 Qe6 25. Rb1 Qc4 26. Kd1 Bxe3 27. Nge2 Nxf4 28. Rbb2 Nxe2 29. Nxe2 Bxd2 30. Rxd2 Qxa2 0-1

[Event "Rilton Cup 51st"]
[Site "Stockholm"]
[Date "2024.01.03"]
[Round "7"]
[White "Kokoszczynski, Jan"]
[Black "Socko, Monika"]
[Result "0-1"]
[WhiteElo "2250"]
[BlackElo "2396"]
[PlyCount "88"]
[EventDate "2023.12.27"]
[EventType "swiss"]
[EventRounds "9"]
[EventCountry "SWE"]
[SourceTitle "CB02_2024"]
[SourceDate "2024.01.10"]
[SourceVersion "1"]
[SourceVersionDate "2024.01.10"]
[SourceQuality "1"]

1. d4 Nf6 2. c4 e6 3. Nc3 Bb4 4. f3 0-0 5. a3 Bxc3+ 6. bxc3 Ne8 7. e4 b6 8. Bd3 Nc6 9. Ne2 Ba6 10. Ng3 Na5 11. Qe2 c5 12. d5 Qh4 13. 0-0 g6 14. f4 f5 15. e5 exd5 16. cxd5 c4 17. Bc2 Nc7 18. d6 Ne6 19. Be3 Nb7 20. Qf2 Nbc5 21. Ne2 Qxf2+ 22. Rxf2 Rac8 23. Nd4 Kf7 24. Nxe6 Kxe6 25. Raf1 Bb7 26. Rd2 Nd3 27. h4 Be4 28. g3 h6 29. a4 g5 30. hxg5 hxg5 31. Bxd3 cxd3 32. Bd4 g4 33. Rh2 Rh8 34. Rff2 Rxh2 35. Rxh2 Rh8 36. Be3 Rxh2 37. Kxh2 Bc6 38. Kg1 Kd5 39. Kf2 Kc4 40. Ke1 Kxc3 41. Bd2+ Kd4 42. a5 bxa5 43. Bxa5 Ke3 44. Kd1 Ba4+ 0-1

[Event "Wroclaw POL-ROW (Women)"]
[Site "Wroclaw"]
[Date "2023.12.21"]
[Round "4.3"]
[White "Socko, Monika"]
[Black "Narva, Mai"]
[Result "1/2-1/2"]
[WhiteElo "2396"]
[BlackElo "2403"]
[PlyCount "77"]
[EventDate "2023.12.18"]
[EventType "team-schev"]
[EventRounds "5"]
[EventCountry "POL"]
[SourceTitle "CB52_2023"]
[SourceDate "2023.12.27"]
[SourceVersion "1"]
[SourceVersionDate "2023.12.27"]
[SourceQuality "1"]
[WhiteTeam "Poland"]
[BlackTeam "Rest of the World"]
[WhiteTeamCountry "POL"]

1. e4 c5 2. Nf3 e6 3. g3 Nc6 4. Bg2 Nf6 5. Qe2 d5 6. exd5 Nxd5 7. 0-0 Be7 8. Rd1 Qb6 9. c4 Nf6 10. Nc3 0-0 11. b3 Bd7 12. Na4 Qa5 13. Bb2 Rad8 14. Bc3 Qc7 15. Rac1 b6 16. Bb2 Rfe8 17. Nc3 a6 18. d4 cxd4 19. Nb5 Qb8 20. Nbxd4 Nxd4 21. Nxd4 Rc8 22. Qf3 Bc5 23. Qb7 Qxb7 24. Bxb7 Rc7 25. Bg2 e5 26. Nc2 Ng4 27. Rd2 Bc6 28. h3 Bxg2 29. Kxg2 Nf6 30. Re2 Nd7 31. b4 Bf8 32. Ne3 f6 33. Rd1 Kf7 34. a3 Nb8 35. Red2 Ke6 36. Rd8 Kf7 37. g4 Be7 38. R8d3 Rcc8 39. R3d2 1/2-1/2

[Event "Worclaw Kurtyka Memorial"]
[Site "Wroclaw"]
[Date "2023.12.17"]
[Round "5"]
[White "Socko, Monika"]
[Black "Rzadkowska, Lila"]
[Result "1-0"]
[WhiteElo "2396"]
[BlackElo "1221"]
[PlyCount "103"]
[EventDate "2023.12.17"]
[EventType "swiss"]
[EventRounds "5"]
[EventCountry "POL"]
[SourceTitle "CB52_2023"]
[SourceDate "2023.12.27"]
[SourceVersion "1"]
[SourceVersionDate "2023.12.27"]
[SourceQuality "1"]

1. d4 Nf6 2. c4 e6 3. Nf3 Bb4+ 4. Nbd2 d5 5. a3 Be7 6. g3 0-0 7. Bg2 c5 8. cxd5 exd5 9. dxc5 Bxc5 10. 0-0 Nc6 11. b4 Bb6 12. Bb2 Be6 13. Nb3 h6 14. Rc1 Qe7 15. Nc5 Rfd8 16. Bxf6 Qxf6 17. Nxb7 Rac8 18. Nxd8 Qxd8 19. b5 Ne7 20. Rxc8 Qxc8 21. Nd4 Qd7 22. a4 Nc8 23. Nxe6 fxe6 24. Bh3 Qe7 25. Qc2 Nd6 26. Qg6 Nf5 27. Bxf5 exf5 28. Rc1 Bd8 29. Qxf5 Qf7 30. Qxf7+ Kxf7 31. Rc6 Ke7 32. Rg6 Kf7 33. Rd6 Bb6 34. Rxd5 Ke6 35. e4 g5 36. Kg2 Bc7 37. h3 Ke7 38. Rc5 Bb6 39. Rc6 h5 40. Rg6 Kf7 41. Rxg5 Bd8 42. Rxh5 Kg6 43. Rd5 Bb6 44. f4 Kf6 45. g4 Ke6 46. g5 Kf7 47. Kf3 Ke7 48. Kg4 Kf7 49. Kf5 Be3 50. g6+ Kg7 51. Rd7+ Kh6 52. Rh7# 1-0

[Event "POL Superleague Rapid Final"]
[Site "Bydgoszcz"]
[Date "2023.11.25"]
[Round "1.14"]
[White "Socko, Monika"]
[Black "Kiolbasa, Oliwia"]
[Result "1/2-1/2"]
[WhiteElo "2378"]
[BlackElo "2371"]
[PlyCount "159"]
[EventDate "2023.11.25"]
[EventType "team-k.o. (rapid)"]
[EventRounds "2"]
[EventCountry "POL"]
[SourceTitle "CB48_2023"]
[SourceDate "2023.11.29"]
[SourceVersion "1"]
[SourceVersionDate "2023.11.29"]
[SourceQuality "1"]
[WhiteTeam "Katowice Wasko"]
[BlackTeam "Bydgoszcz Gwiazda"]
[WhiteTeamCountry "POL"]
[BlackTeamCountry "POL"]

1. d4 Nf6 2. Nf3 e6 3. g3 d5 4. Bg2 c5 5. 0-0 Nc6 6. a3 b5 7. b3 Rb8 8. Bb2 c4 9. Nbd2 Be7 10. Ne5 Bb7 11. bxc4 bxc4 12. Ndxc4 Qc7 13. Nd2 Ba6 14. Nb3 0-0 15. Re1 Rfc8 16. Nd3 Na5 17. Nb4 Bc4 18. Nxa5 Qxa5 19. Bc3 Qa4 20. Qd2 Ne4 21. Bxe4 dxe4 22. d5 exd5 23. Be5 Rb5 24. Qc3 f6 25. Bd4 a5 26. Nd3 Rbb8 27. Nb2 Qb5 28. Nxc4 Qxc4 29. Qd2 Qxc2 30. Qxa5 Qc4 31. Qa7 Bc5 32. Bxc5 Qxc5 33. Qd7 Qc6 34. Qf5 g6 35. Qf4 Qe6 36. Rac1 f5 37. Rc7 Rxc7 38. Qxc7 Rc8 39. Qa7 Qc6 40. Rb1 Rc7 41. Rb8+ Kg7 42. Qd4+ Kh6 43. Kg2 Qc3 44. Qxd5 e3 45. Qd6 exf2 46. Kxf2 Rc4 47. Qf8+ Qg7 48. Qxg7+ Kxg7 49. Rb4 Rc3 50. a4 Ra3 51. h4 Kf6 52. e3 Ke5 53. Kf3 Ra1 54. Rb5+ Kf6 55. a5 Ra4 56. Rb6+ Ke5 57. a6 Kd5 58. Rf6 Ke5 59. Rb6 Kd5 60. Ke2 Ra3 61. Kf2 Kc5 62. Rb7 Rxa6 63. Rxh7 Kd6 64. h5 Ra2+ 65. Kf3 gxh5 66. Rxh5 Ke6 67. Rh6+ Ke5 68. Rb6 Ra4 69. Rb5+ Kf6 70. Rd5 Rb4 71. Rd4 Rb2 72. Ra4 Ke5 73. Ra5+ Kf6 74. g4 fxg4+ 75. Kxg4 Rb4+ 76. Kf3 Ke6 77. e4 Rb1 78. Ra6+ Ke5 79. Ra5+ Ke6 80. Kf4 1/2-1/2

[Event "FIDE Grand Swiss (Women)"]
[Site "Douglas"]
[Date "2023.11.05"]
[Round "11"]
[White "Socko, Monika"]
[Black "Sachdev, Tania"]
[Result "1-0"]
[WhiteElo "2380"]
[BlackElo "2389"]
[PlyCount "75"]
[EventDate "2023.10.25"]
[EventType "swiss"]
[EventRounds "11"]
[EventCountry "IOM"]
[SourceTitle "Mega2024 Update 01"]
[Source "Chessbase"]
[SourceDate "2023.11.12"]
[SourceVersion "1"]
[SourceVersionDate "2023.11.12"]
[SourceQuality "1"]

1. e4 e5 2. Nf3 Nc6 3. d4 exd4 4. Nxd4 Nf6 5. Nxc6 bxc6 6. Bd3 d6 7. 0-0 Be7 8. Nc3 0-0 9. f4 Re8 10. Qf3 Rb8 11. Kh1 Nd7 12. b3 Nc5 13. Bb2 Qd7 14. h3 Bb7 15. Bc4 Ba6 16. Bxa6 Nxa6 17. Ne2 Bf8 18. Ng3 Nc5 19. Rad1 a5 20. Rfe1 f6 21. Qc3 Qf7 22. Ba3 Ne6 23. f5 Nc5 24. Bxc5 dxc5 25. Qf3 Bd6 26. Nh5 c4 27. Nf4 cxb3 28. axb3 Bxf4 29. Qxf4 Re5 30. Rd4 Rbe8 31. Red1 Qh5 32. Rd7 Rxe4 33. Qxc7 Qg5 34. R1d3 Qxf5 35. Rxg7+ Kh8 36. Rdd7 Rh4 37. Qg3 Rh6 38. Rge7 1-0

[Event "FIDE Grand Swiss (Women)"]
[Site "Douglas"]
[Date "2023.11.04"]
[Round "10"]
[White "Gunina, Valentina"]
[Black "Socko, Monika"]
[Result "1/2-1/2"]
[WhiteElo "2439"]
[BlackElo "2380"]
[PlyCount "113"]
[EventDate "2023.10.25"]
[EventType "swiss"]
[EventRounds "11"]
[EventCountry "IOM"]
[SourceTitle "Mega2024 Update 01"]
[Source "Chessbase"]
[SourceDate "2023.11.12"]
[SourceVersion "1"]
[SourceVersionDate "2023.11.12"]
[SourceQuality "1"]

1. d4 Nf6 2. c4 e6 3. Nf3 Bb4+ 4. Bd2 Qe7 5. e3 b6 6. Bd3 Bb7 7. 0-0 Bxd2 8. Nbxd2 0-0 9. e4 d6 10. Re1 e5 11. Qe2 a5 12. Rad1 Nc6 13. d5 Nb4 14. Bb1 Bc8 15. Nf1 Bg4 16. Ne3 Bxf3 17. Qxf3 g6 18. h4 Na6 19. g3 Nc5 20. Bc2 a4 21. Rb1 Rfb8 22. b4 axb3 23. axb3 Ra3 24. Kg2 Rba8 25. b4 Ncd7 26. Bb3 Nh5 27. Rec1 Nhf6 28. Nc2 R3a7 29. Ne1 Nh5 30. Nd3 Ra3 31. Qd1 Ng7 32. Ra1 f5 33. exf5 Rxa1 34. Rxa1 Rxa1 35. Qxa1 Nxf5 36. Bd1 Nf6 37. Kh3 Kg7 38. Qc3 Nd4 39. Kg2 Qd7 40. b5 Qf5 41. f3 h5 42. Nf2 Qb1 43. Qd2 Nf5 44. Kh2 e4 45. Bc2 Qb2 46. Nd1 Qe5 47. f4 Qa1 48. Qc3 Qa2 49. Kg2 Kf7 50. Kf2 e3+ 51. Ke1 Nxg3 52. Qxe3 Qxc2 53. Qe6+ Kg7 54. Qe7+ Kg8 55. Qd8+ Kg7 56. Qe7+ Kg8 57. Qd8+ 1/2-1/2

[Event "FIDE Grand Swiss (Women)"]
[Site "Douglas"]
[Date "2023.10.30"]
[Round "6"]
[White "Narva, Mai"]
[Black "Socko, Monika"]
[Result "1-0"]
[WhiteElo "2399"]
[BlackElo "2380"]
[PlyCount "75"]
[EventDate "2023.10.25"]
[EventType "swiss"]
[EventRounds "11"]
[EventCountry "IOM"]
[SourceTitle "Mega2024 Update 01"]
[Source "Chessbase"]
[SourceDate "2023.11.12"]
[SourceVersion "1"]
[SourceVersionDate "2023.11.12"]
[SourceQuality "1"]

1. e4 c6 2. Nc3 d5 3. Nf3 dxe4 4. Nxe4 Nf6 5. Qe2 Na6 6. d4 Bg4 7. h3 Bxf3 8. Nxf6+ gxf6 9. Qxf3 Qb6 10. c3 h5 11. a4 Bh6 12. a5 Qc7 13. Bxh6 Rxh6 14. Bd3 Qd6 15. 0-0 0-0-0 16. Qe3 Rhh8 17. Bxa6 bxa6 18. Qe2 Kb7 19. Ra4 Rb8 20. Rb4+ Ka8 21. Rxb8+ Rxb8 22. Qxh5 Rxb2 23. Qxf7 Rb5 24. Re1 e5 25. dxe5 Rxe5 26. Rxe5 Qxe5 27. Qd7 Kb8 28. Qd4 Qh5 29. Qd8+ Kb7 30. Qd7+ Kb8 31. Qxc6 Qxa5 32. Qxf6 Qa1+ 33. Kh2 a5 34. g4 a4 35. g5 Qc1 36. g6 Qh6 37. Qe5+ Kb7 38. g7 1-0

[Event "FIDE Grand Swiss (Women)"]
[Site "Douglas"]
[Date "2023.10.26"]
[Round "2"]
[White "Mammadzada, Gunay Vuqar Qizi"]
[Black "Socko, Monika"]
[Result "1-0"]
[WhiteElo "2441"]
[BlackElo "2380"]
[PlyCount "113"]
[EventDate "2023.10.25"]
[EventType "swiss"]
[EventRounds "11"]
[EventCountry "IOM"]
[SourceTitle "Mega2024 Update 01"]
[Source "Chessbase"]
[SourceDate "2023.11.12"]
[SourceVersion "1"]
[SourceVersionDate "2023.11.12"]
[SourceQuality "1"]

1. Nf3 Nf6 2. c4 e6 3. g3 d5 4. d4 Bb4+ 5. Nbd2 dxc4 6. Qc2 b5 7. a4 c6 8. Bg2 Bb7 9. 0-0 Nbd7 10. b3 cxb3 11. Nxb3 0-0 12. Ne1 bxa4 13. Rxa4 a5 14. Nd3 Nb6 15. Ra1 Nbd5 16. Nbc5 Bxc5 17. Nxc5 Ba6 18. Nxa6 Rxa6 19. Bd2 Qb6 20. e3 Rfa8 21. Rfb1 Nb4 22. Qc4 h6 23. h3 Nfd5 24. Ra3 Qa7 25. Bf1 Nc7 26. Rba1 Nbd5 27. Qc5 Nb5 28. Rxa5 Qxc5 29. dxc5 Rxa5 30. Rxa5 Rxa5 31. Bxa5 Kf8 32. e4 Nf6 33. f3 Ke7 34. Kf2 Nd7 35. Ke3 e5 36. Bxb5 cxb5 37. c6 Nf6 38. Bc7 Ne8 39. Bxe5 f6 40. Bb8 Nd6 41. Kd4 Nc4 42. Kc5 Kd8 43. Kxb5 Nd2 44. Kc5 Nxf3 45. h4 h5 46. Kd5 Ke7 47. Bd6+ Kd8 48. e5 fxe5 49. Bxe5 g6 50. Kd6 Kc8 51. Bf4 Nd4 52. Kd5 Nb5 53. Be5 Na7 54. Kc5 Kd8 55. Kb6 Nc8+ 56. Kb7 Ne7 57. Bf6 1-0

[Event "EU-Cup (Women) 27th"]
[Site "Durres"]
[Date "2023.10.04"]
[Round "4.2"]
[White "Socko, Monika"]
[Black "Narva, Mai"]
[Result "0-1"]
[WhiteElo "2380"]
[BlackElo "2399"]
[PlyCount "86"]
[EventDate "2023.10.01"]
[EventType "team-swiss"]
[EventRounds "7"]
[EventCountry "ALB"]
[SourceTitle "EXT 2024"]
[Source "ChessBase"]
[SourceDate "2023.10.10"]
[SourceVersion "1"]
[SourceVersionDate "2023.10.10"]
[SourceQuality "1"]
[WhiteTeam "Teuta (W)"]
[BlackTeam "Gambit Asseco See (W)"]
[WhiteTeamCountry "MKD"]
[BlackTeamCountry "MKD"]

1. e4 c5 2. Nf3 e6 3. b3 Nc6 4. Bb2 d5 5. Bb5 Nf6 6. exd5 Qxd5 7. 0-0 Bd7 8. Nc3 Qd6 9. Re1 Be7 10. Ne4 Nxe4 11. Rxe4 Bf6 12. Bxf6 gxf6 13. d4 0-0-0 14. dxc5 Qxc5 15. Qe2 Kb8 16. Rd1 e5 17. a4 Be6 18. Bxc6 Qxc6 19. Rh4 Bf5 20. Rc4 Qa6 21. Qe1 Rhg8 22. Rxd8+ Rxd8 23. h3 Qd6 24. Qe3 Rg8 25. Kh1 Qd5 26. Kh2 Qd6 27. Nh4 Be6 28. Rc3 f5 29. Qh6 e4+ 30. g3 Qe5 31. Re3 Rd8 32. Re2 Rd1 33. Qf8+ Bc8 34. Qxf7 Qa1 35. g4 Rh1+ 36. Kg3 Qe5+ 37. f4 Qc3+ 38. Kf2 Qd4+ 39. Kg3 Qc3+ 40. Kf2 Rh2+ 41. Ng2 Qxh3 42. Ke1 Rxg2 43. Rxg2 Qxg2 0-1

[Event "POL-chT Ekstraliga"]
[Site "Lublin"]
[Date "2023.09.18"]
[Round "1.3"]
[White "Wagner, Dinara"]
[Black "Socko, Monika"]
[Result "1-0"]
[WhiteElo "2468"]
[BlackElo "2392"]
[PlyCount "77"]
[EventDate "2023.09.18"]
[EventType "team-tourn"]
[EventRounds "9"]
[EventCountry "POL"]
[SourceTitle "EXT 2024"]
[Source "ChessBase"]
[SourceDate "2023.10.10"]
[SourceVersion "1"]
[SourceVersionDate "2023.10.10"]
[SourceQuality "1"]
[WhiteTeam "Raciborz Silesia"]
[BlackTeam "Katowice Wasko"]
[WhiteTeamCountry "POL"]
[BlackTeamCountry "POL"]

1. d4 Nf6 2. c4 e6 3. Nc3 Bb4 4. e3 0-0 5. Bd3 d5 6. a3 Bxc3+ 7. bxc3 dxc4 8. Bxc4 c5 9. Ne2 b6 10. 0-0 Ba6 11. Bxa6 Nxa6 12. Qd3 Nb8 13. e4 Nc6 14. Rd1 e5 15. d5 Na5 16. c4 b5 17. cxb5 c4 18. Qc2 Nb3 19. Rb1 Rc8 20. Bb2 Re8 21. Bc3 Nc5 22. Ng3 h5 23. Re1 Nd3 24. Re3 Ng4 25. Rf3 g6 26. h3 Nf6 27. Bd2 h4 28. Bg5 hxg3 29. Rxf6 gxf2+ 30. Kh2 Qa5 31. Bh4 Kg7 32. Rf3 Ne1 33. Bf6+ Kg8 34. Qxf2 Nxf3+ 35. gxf3 g5 36. Qe3 Red8 37. Qxg5+ Kf8 38. Qg7+ Ke8 39. Qg8+ 1-0

[Event "Warsaw Szansa blitz op"]
[Site "Warsaw"]
[Date "2023.09.16"]
[Round "3"]
[White "Czarnecka, Lidia"]
[Black "Socko, Monika"]
[Result "0-1"]
[WhiteElo "2048"]
[BlackElo "2392"]
[PlyCount "112"]
[EventDate "2023.09.16"]
[EventType "swiss (blitz)"]
[EventRounds "13"]
[EventCountry "POL"]
[SourceTitle "EXT 2024"]
[Source "ChessBase"]
[SourceDate "2023.10.10"]
[SourceVersion "1"]
[SourceVersionDate "2023.10.10"]
[SourceQuality "1"]

1. e4 c5 2. Nf3 g6 3. d4 cxd4 4. Nxd4 Bg7 5. Nc3 Nc6 6. Be3 Nf6 7. Bc4 0-0 8. Bb3 d6 9. f3 Qa5 10. Qd2 Nxd4 11. Bxd4 Be6 12. 0-0 a6 13. Rfd1 Qc7 14. Nd5 Bxd5 15. exd5 Nd7 16. c3 Bxd4+ 17. Qxd4 Qc5 18. Rd2 Rac8 19. Re1 Rfe8 20. Kf2 b5 21. a4 Rb8 22. axb5 axb5 23. Bc2 b4 24. Ba4 Red8 25. Rxe7 Qxd4+ 26. Rxd4 Nc5 27. Bc6 bxc3 28. bxc3 Rb3 29. Re3 Rdb8 30. Rd2 Ra3 31. Kg3 Kg7 32. Rde2 Rbb3 33. Re7 Kf6 34. Be8 Rb7 35. Rxb7 Nxb7 36. c4 Nc5 37. Bb5 Rc3 38. Kf4 Nb3 39. g4 Nd4 40. Rb2 Nxf3 41. Bd7 Ne5 42. Bb5 g5+ 43. Ke4 Nxg4 44. Kd4 Rc1 45. Bd7 Ne5 46. Rf2+ Ke7 47. Bb5 g4 48. Ba6 h5 49. Ke4 Nxc4 50. Kf5 Ne5 51. Kg5 Rh1 52. Be2 f6+ 53. Kh4 Kf7 54. Rg2 f5 55. Kxh5 Kf6 56. Rf2 g3 0-1

[Event "Warsaw Szansa blitz op"]
[Site "Warsaw"]
[Date "2023.09.16"]
[Round "10"]
[White "Socko, Monika"]
[Black "Chiszko, Oskar"]
[Result "1-0"]
[WhiteElo "2392"]
[BlackElo "1895"]
[PlyCount "95"]
[EventDate "2023.09.16"]
[EventType "swiss (blitz)"]
[EventRounds "13"]
[EventCountry "POL"]
[SourceTitle "EXT 2024"]
[Source "ChessBase"]
[SourceDate "2023.10.10"]
[SourceVersion "1"]
[SourceVersionDate "2023.10.10"]
[SourceQuality "1"]

1. d4 Nf6 2. Nf3 g6 3. c4 Bg7 4. Nc3 0-0 5. e4 d6 6. Be2 e5 7. Be3 Nc6 8. d5 Ne7 9. Nd2 Nd7 10. f3 f5 11. Qc2 f4 12. Bf2 g5 13. h4 h6 14. hxg5 hxg5 15. 0-0-0 Ng6 16. Nf1 Nf6 17. Nh2 Kf7 18. Ng4 Nxg4 19. fxg4 Bd7 20. Rh5 Qe7 21. Kb1 Rh8 22. Rdh1 Rag8 23. Qb3 b6 24. Nb5 Qd8 25. Nxa7 Ke8 26. Nb5 Kf7 27. Qa4 f3 28. Bxf3 Nf4 29. Rxh8 Rxh8 30. Rxh8 Qxh8 31. Nxd6+ Ke7 32. Nf5+ Bxf5 33. gxf5 Qh1+ 34. Qd1 Qxd1+ 35. Bxd1 Nxg2 36. c5 bxc5 37. Bxc5+ Kd7 38. b4 Nf4 39. Kc2 Bf6 40. a4 Kc8 41. a5 Kb7 42. b5 Ng2 43. Kd2 Nf4 44. a6+ Ka8 45. d6 cxd6 46. Bxd6 Ka7 47. Bc5+ Ka8 48. b6 1-0

[Event "WchT (Women) Final"]
[Site "Bydgoszcz"]
[Date "2023.09.09"]
[Round "1.1"]
[White "Socko, Monika"]
[Black "Savina, Anastasia"]
[Result "0-1"]
[WhiteElo "2392"]
[BlackElo "2339"]
[PlyCount "92"]
[EventDate "2023.09.09"]
[EventType "team-k.o. (rapid)"]
[EventRounds "3"]
[EventCountry "POL"]
[SourceTitle "EXT 2024"]
[Source "ChessBase"]
[SourceDate "2023.10.10"]
[SourceVersion "1"]
[SourceVersionDate "2023.10.10"]
[SourceQuality "1"]
[WhiteTeam "Poland (W)"]
[BlackTeam "France (W)"]
[WhiteTeamCountry "POL"]
[BlackTeamCountry "FRA"]

1. d4 d5 2. Nf3 e6 3. g3 b6 4. Bg2 Bb7 5. 0-0 Nd7 6. c4 dxc4 7. Qa4 a6 8. Qxc4 Ngf6 9. Rd1 b5 10. Qc2 c5 11. Nc3 Rc8 12. Qd3 b4 13. Na4 c4 14. Qd2 Bc6 15. Nc5 Nxc5 16. dxc5 Qxd2 17. Bxd2 Bxc5 18. Rac1 Ba4 19. Rf1 Ne4 20. Bf4 c3 21. b3 Bb5 22. Ne5 f5 23. Nd3 Be7 24. Rc2 0-0 25. Bxe4 fxe4 26. Ne5 Rfd8 27. h4 h5 28. Ng6 Bf6 29. Bg5 Kf7 30. Bxf6 gxf6 31. Nf4 Rd2 32. Rfc1 e5 33. Ng2 Bxe2 34. Ne3 Rcd8 35. g4 hxg4 36. Kg2 Kg6 37. h5+ Kxh5 38. Nf5 Kg6 39. Ne7+ Kf7 40. Nc6 Rxc2 41. Rxc2 Rd2 42. Rc1 e3 43. Nxb4 Bf3+ 44. Kg3 exf2 45. Nxa6 c2 46. Nb4 Rd1 0-1

[Event "FIDE World Cup (Women)"]
[Site "Baku"]
[Date "2023.08.03"]
[Round "2.2"]
[White "Socko, Monika"]
[Black "Fataliyeva, Ulviyya Hasil Qizi"]
[Result "0-1"]
[WhiteElo "2401"]
[BlackElo "2401"]
[PlyCount "96"]
[EventDate "2023.07.30"]
[EventType "k.o."]
[EventRounds "7"]
[EventCountry "AZE"]
[SourceTitle "EXT 2024"]
[Source "ChessBase"]
[SourceDate "2023.10.10"]
[SourceVersion "1"]
[SourceVersionDate "2023.10.10"]
[SourceQuality "1"]

1. d4 Nf6 2. Nf3 d5 3. c4 e6 4. Nc3 Be7 5. Bf4 0-0 6. Rc1 c5 7. dxc5 dxc4 8. Qxd8 Rxd8 9. e3 Nd5 10. Bxc4 Nxf4 11. exf4 Bxc5 12. 0-0 Nc6 13. Ne4 Be7 14. Rfd1 Bd7 15. Be2 Be8 16. Kf1 Rxd1+ 17. Rxd1 Nb4 18. a3 Nd5 19. g3 Rc8 20. Ne5 f6 21. Nf3 Bg6 22. Bd3 Rd8 23. Ke2 Bh5 24. Bc2 f5 25. Neg5 Bf6 26. Nxe6 Re8 27. Rxd5 Rxe6+ 28. Re5 Bxe5 29. Bb3 Bxb2+ 30. Bxe6+ Kf8 31. Bxf5 Bxa3 32. g4 Be8 33. Bxh7 a5 34. Ne5 a4 35. Kd2 Bb2 36. Kc2 Bxe5 37. fxe5 g6 38. f4 Kg7 39. Bxg6 Kxg6 40. f5+ Kg5 41. e6 Bc6 42. Kc3 Kf6 43. Kb4 Bf3 44. h3 b5 45. Ka3 Bg2 46. h4 Bf3 47. e7 Kxe7 48. g5 Bg4 0-1

[Event "HUN-ch Rapid"]
[Site "Ajka"]
[Date "2023.07.22"]
[Round "9"]
[White "Stevic, Hrvoje"]
[Black "Socko, Monika"]
[Result "1-0"]
[WhiteElo "2549"]
[BlackElo "2401"]
[PlyCount "65"]
[EventDate "2023.07.21"]
[EventType "swiss (rapid)"]
[EventRounds "13"]
[EventCountry "HUN"]
[SourceTitle "CBM 215 Extra"]
[Source "ChessBase"]
[SourceDate "2023.09.30"]
[SourceVersion "1"]
[SourceVersionDate "2023.09.30"]
[SourceQuality "1"]

1. e4 c6 2. Nc3 d5 3. Nf3 Bg4 4. h3 Bxf3 5. Qxf3 e6 6. Be2 Nf6 7. 0-0 Bc5 8. Rd1 d4 9. e5 dxc3 10. exf6 Qxf6 11. Qxf6 gxf6 12. bxc3 Nd7 13. d4 Bd6 14. a4 Ke7 15. Bf3 Rab8 16. a5 Rhc8 17. Be3 c5 18. Rdb1 b6 19. axb6 axb6 20. Ra2 Rc7 21. g4 Rg8 22. Kf1 f5 23. gxf5 exf5 24. Re1 Kf6 25. Rd1 c4 26. Rb1 f4 27. Bd2 Kg5 28. Rb5+ f5 29. Rd5 Rg6 30. h4+ Kxh4 31. Rxd6 Rxd6 32. Bxf4 Rcc6 33. d5 1-0

[Event "Warsaw Maciei Memorial"]
[Site "Warsaw"]
[Date "2023.07.10"]
[Round "9"]
[White "Smetek, Michal"]
[Black "Socko, Monika"]
[Result "1/2-1/2"]
[WhiteElo "1943"]
[BlackElo "2401"]
[PlyCount "96"]
[EventDate "2023.07.10"]
[EventType "swiss (blitz)"]
[EventRounds "11"]
[EventCountry "POL"]
[SourceTitle "CBM 215 Extra"]
[Source "ChessBase"]
[SourceDate "2023.09.30"]
[SourceVersion "1"]
[SourceVersionDate "2023.09.30"]
[SourceQuality "1"]

1. d4 Nf6 2. c4 e6 3. g3 d5 4. Nf3 dxc4 5. Bg2 Nbd7 6. Qa4 a6 7. Qxc4 c5 8. 0-0 b5 9. Qc2 Bb7 10. dxc5 Bxc5 11. Nc3 0-0 12. a3 Rc8 13. Bg5 Qb6 14. Bxf6 Nxf6 15. e3 Nd5 16. Nxd5 Bxd5 17. Rac1 Qb7 18. Qe2 h6 19. Nh4 Be7 20. Bxd5 Qxd5 21. Nf3 Bf6 22. Rfd1 Qb3 23. Nd4 Bxd4 24. Rxc8 Rxc8 25. Rxd4 Qa2 26. Qd2 Qb1+ 27. Kg2 Kh7 28. Qd3+ Qxd3 29. Rxd3 Rc2 30. Rd6 a5 31. b3 Rc3 32. Ra6 Rxb3 33. Rxa5 Kg6 34. Kf3 Kf6 35. a4 b4 36. Rb5 Rb2 37. a5 g5 38. h3 h5 39. a6 Ra2 40. Rxb4 Rxa6 41. h4 g4+ 42. Kg2 Ra5 43. Rf4+ Kg6 44. Rb4 Ra2 45. Rd4 e5 46. Rd6+ f6 47. Rc6 Rd2 48. Rb6 Rc2 1/2-1/2